00670cam a22002417a 4500003000500000005001700005008004100022010001000063011001000073035001000083040000900093082001600102100001800118245007700136260006700213300001100280490002100291650003100312650001700343700002300360700002400383830002100407CHAP20220329135834.0971013s1992 r 00010 d a43087 a44059 a48197 cCHAP a519.536bH600aHuet, Sylvie.13aLa régression non-linéaireb: méthodes et applications en biologie aParis :bInstitute National de la Recherche Agronomique,c1992 a236 p. 0aMieux comprendre14aAnálisis de regresión.14aBiometría.0 aJolivet, Emmanuel.0 aMesséan, Antoine.0 aMieux comprendre